| 000 | 01554cam a22004094i 4500 | ||
|---|---|---|---|
| 003 | PE-LiUPU | ||
| 005 | 20250731173246.0 | ||
| 008 | 150625s r 000 0 d | ||
| 035 | _a(Sirsi) a35442 | ||
| 040 |
_aPE-LiUPU _bspa _cPE-LiUPU _erda |
||
| 082 | 0 | 4 |
_a264.362 _bA454m _223 |
| 100 | 1 |
_aAlonso Schökel, Luis, _d1920 - 1998 _eautor. |
|
| 245 | 1 | 0 |
_aMeditaciones Bíblicas sobre la eucaristía / _cAlonso Schökel, Luis. |
| 264 | 1 |
_aSantander : _bSal Terrae, _c1986. |
|
| 300 |
_a151 páginas ; _c20 centímeros. |
||
| 336 |
_atext _2rdacontent |
||
| 337 |
_aunmediated _2rdamedia |
||
| 338 |
_avolume _2rdacarrier |
||
| 490 |
_a(Colección "Ritos y símbolos" ; _v21) |
||
| 505 | 0 | _aPrólogo.-La señal de la cruz.- La liturgia penitencial.-Liturgia de la palabra (1).- Liturgia de la palabra (2).-Ofertorio-Eucaristía-Beraka (1).-Ofertorio-Eucaristía-Beraka (2).-Epiclesis.-Anamnesis-Memoria.-Consagración-Transformación.-Sacrificio.-Comunión.-Bendición final.-Nota Conclusiva.-Indice de citas bíblicas. | |
| 526 | _aSEG42 | ||
| 526 | _aSEG41 | ||
| 526 | _aSEG40 | ||
| 526 | _aSEG39 | ||
| 526 | _aP94 | ||
| 526 | _aP87 | ||
| 526 | _aP86 | ||
| 526 | _aP85 | ||
| 526 | _aP77 | ||
| 526 | _aP76 | ||
| 526 | _aP35 | ||
| 650 | 0 | 4 |
_aEucaristía _vMeditaciones. |
| 942 |
_2ddc _cBK _n0 |
||
| 949 |
_a264.362 A454m _wDEWEY _c1 _i37631 _lCCODEBUL1 _mBUL _p00.00 _r0 _sY _tBOOK _u2015-06-25 _xBIBLIOTECA _zUNKNOWN _0COMPRA _o.STAFF. Colección General |
||
| 980 |
_81 _gALBERTO SANCHEZ Responsable de Automatización |
||
| 999 |
_c43407 _d43407 |
||